00399nam a2200169Ia 4500008004100000020001800041050001600059100001800075245002200093245002100115260001000136260002800146260000900174300001600183300002000199300001000219170918s9999 xx 000 0 und d a9781250034915 bG457wh 2012 aGiffin, Emily aWhere we belong / cby Emily Giffin. aUSA : bSt.Martin's Paperbacks, c2012 a372 pages : billustrations ; c17cm.